Quizzes
Events
Quiz Creation
Community
Videos
Private Events
Remove Ads
Sign In
Join for FREE
Feedback
Dark Mode
Quiz Categories
Sports
Geography
Music
Movies
Television
Just For Fun
Miscellaneous
History
Literature
Language
Science
Gaming
Entertainment
Religion
Holiday
For Kids
Quiz Lab
Recent
Popular Today
Quiz Kudos Today
Editor Picks
Curator Picks
Quizzes by...
Day
Popularity
Type
Ratings
Length
Year
Community
Subscriptions
Recent Discussions
Orange Saloon
Badges
Playlists
Quests
Create
Leaderboards
Showdown
Live 5
Trivia Bingo
Activity
Puzzle Library
Sporcle Events
Private Events
Virtual Trivia
Globe League
Become a Host
Pub Owners
SporcleCon
Opinionation
Our Games
Videos
Blog
Mobile Apps
Partnerships
Remove Ads and Go Orange
Feedback
Miscellaneous
Crossword
General Knowledge
Baby Names
Logo
Food
Cars
Numbers
Grab Bag
University
College
Popular
Company
Slogans
Restaurants
Justice
Letter
Miscellaneous
Crossword
General Knowledge
Baby Names
Logo
Food
Cars
Numbers
Grab Bag
University
College
Popular
Company
Slogans
Restaurants
Justice
Letter
Random Quiz
Search Sporcle
×
Quiz Lab
Quiz Lab
Miscellaneous
Career
Type in answers that appear in a list
Type in answers that appear in a list
Classic
Best Score? Go Orange.
Best Paying Careers Stats
Can you name the Best Paying Careers ?
By
jimmy93
20m
30 Questions
83 Plays
83 Plays
83 Plays
Comments
Comments
Give Quiz Kudos
Give Quiz Kudos
-
- Ratings
hide this ad
Replay
Link that replays current quiz
Next Quiz
Link to next quiz in quiz playlist
You Got
0%
They Got
Avg Score
8%
Avg Friend Score
Upgrade to see
Score Distribution
Jump to the score distribution portion of the page
Score
0/30
Timer
20:00
0
Plays Today
pay a year
% Correct
$160,440
CEO
63.9%
$124,750
Lawyer
53%
$206,770
Surgeon
37.3%
$154,270
Dentist
25.3%
$119,750
Pilot
12%
$165,000
Physician
10.8%
$154,050
Psychiatrist
8.4%
$194,930
Orthodontist
7.2%
$197,570
Anesthesiologist
6%
$153,270
Pediatrician
6%
$35,000
Cashier
4.8%
$119,140
Petroleum Engineer
3.6%
$110,390
Sales Manager
2.4%
$18,000
Town cop
2.4%
$118,160
Marketing Manager
1.2%
pay a year
% Correct
$108,090
Air Traffic Controller
1.2%
$192,780
Obstetrician and Gynecologist
0%
$190,420
Oral and Maxillofacial Surgeon
0%
$176,740
Internist
0%
$169,810
Prosthodontist
0%
$161,490
Family and General Practitioner
0%
$142,070
Specialist Dentist
0%
$125,760
Podiatrist
0%
$123,140
Natural Sciences Manager
0%
$120,580
Engineering Manager
0%
$118,710
Computer and Information Systems Manager
0%
$110,640
Financial Manager
0%
$80,000
Landscape Architect
0%
$60,000
Bodyguard
0%
$50,000
Customs agent
0%
Quiz Playlist
Details
Report
Send in Message
Add To Playlist
Classic:
Type in answers that appear in a list
Last Updated: Feb 16, 2017
Quiz Scoreboard
CHALLENGE
Sign Up to Join the Scoreboard
Show All
Scores
Hide
Comments
May contain spoilers
Recently Published
NBA Finals Game Top Scorers (2010s)
by flibbidy
Sports
5m
Guess the 'R' Things in 3 Words
by MSUKent
Miscellaneous
3m
Actor to Badly Drawn Movie III
by MoMosMoProblems
Movies
5m
More to Explore
Quiz From the Vault
Featured Blog Post
Where Does Lost Luggage Go?
hide this ad
You Might Also Like...
Tags
Career
hour
Pay
Today's Top Quizzes in Miscellaneous
Browse Miscellaneous
hide this ad
Today's Top Quizzes in Career
Browse Career
Top Contributed Quizzes in Miscellaneous
1
The JOE quick-fire general knowledge quiz: Day 166
2
The JOE quick-fire general knowledge quiz: Day 165
3
Guess the 'S' Things in 3 Words
4
Guess the 'T' Things in 3 Words
5
Guess the 'V' Things in 3 Words
6
Guess the 'W' Things in 3 Words
7
Guess the 'Y' Things in 3 Words
8
Sporcle Acrostic Puzzle XXXV
9
The JOE quick-fire general knowledge quiz: Day 164
10
Enormous Crossword: Best Actress Oscar
Explore More
Trending Topics
NBA
Disney
Harry Potter
Marvel
Crossword
Kpop
Anime
The Office
Soccer
Country
Pokémon
Puzzle
Song
WWE
NFL
hide this ad
More By:
jimmy93
Quiz
Plays
Rating
Category
Featured
Created
Carrie underwood top 10 songs
597
1.80
Music
Apr 29, 2010
Best fast food joints
395
1.00
Miscellaneous
May 3, 2010
carrie underwoods boy friends
362
1.00
Entertainment
Apr 30, 2010
Best vacation spots
299
1.00
Geography
May 4, 2010
Who wants to be a millionaire
200
1.00
Television
Jun 8, 2010
Go to Creator's Profile
Score Distribution
Quiz Creator Spotlight
jimmy93
Follow
Send a Message
Quizzes Created
-
Created Quiz Play Count
-
More By This Creator
Popular Quizzes Today
1
Find the US States - No Outlines Minefield
2
Find the US States
3
The Countries of the World
4
10 Largest US States in Order
5
Find the Countries of Europe - No Outlines Minefield
6
US States
7
Guess the 'R' Things in 3 Words
8
NBA Finals Game Top Scorers (2010s)
More Miscellaneous Quizzes
Spot the Difference XXII
Published
Trending Quizzes
First Name TV: Leading Men
Match the Book to the Film II
First Name TV: Leading Women Drama
Match the Book to the Film VI
Pick A Pair: Religious TV
Recently Updated
Women's Final Four Teams by Year
bhenderson79
Presidents Quartet II
eogle
Anything But Clue(do)
eogle
Anything But Oceanian Capitals
eogle
Anything But 7
eogle
Anything But Thing
eogle
Word Ladder: February 29
pecheneg
Song Title Questions
pecheneg
Women's NCAA Tournament #1 Seeds
pecheneg
Celebrity Mug Shots
pecheneg
Trending Topics
Harry Potter
Kpop
Disney
Anime
Crossword
Marvel
NBA
Puzzle
The Office
Soccer
NFL
WWE
Country
Song
Pokémon
Your Account Isn't Verified!
In order to create a playlist on Sporcle, you need to verify the email address you used during registration. Go to your
Sporcle Settings
to finish the process.
Report this User
Report this user for behavior that violates our
Community Guidelines
.
Details:
Send Report
Go to the Sporcle.com Mobile Site →
Comments